[Event "Regionalliga SW 0506"]
[Site "Bayern"]
[Date "2005.10.23"]
[Round "1.5"]
[White "Steffen, Kevin"]
[Black "Winter, Ulf"]
[Result "1-0"]
[WhiteElo "1972"]
[BlackElo "1902"]
[PlyCount "67"]
[EventDate "2005.10.23"]
[EventType "team-tourn"]
[EventRounds "9"]
[EventCountry "GER"]
[SourceTitle "EXT 2007"]
[Source "ChessBase"]
[SourceDate "2006.11.23"]
[SourceVersion "1"]
[SourceVersionDate "2006.11.23"]
[SourceQuality "1"]

1. d4 d5 2. c4 c6 3. Nc3 Nf6 4. Nf3 e6 5. Bg5 Nbd7 6. e3 Be7 7. Bd3 h6 8. Bh4 dxc4 9. Bxc4 b5 10. Bd3 a6 11. 0-0 0-0 12. Ne4 Nxe4 13. Bxe7 Qxe7 14. Bxe4 Bb7 15. Rc1 Rac8 16. a3 Nf6 17. Nd2 e5 18. Bf5 Rcd8 19. Nb3 exd4 20. exd4 Rd5 21. Re1 Qd6 22. Bb1 Rd8 23. Qc2 Qf4 24. Re7 Ba8 25. Rce1 g6 26. Nc5 Ng4 27. g3 Qg5 28. Ba2 Rf5 29. Re8+ Kg7 30. Rxd8 Qxd8 31. Be6 Rxf2 32. Qc3 Qf6 33. Bxg4 h5 34. Ne4 1-0

[Event "Regionalliga SW 0405"]
[Site "Bayern"]
[Date "2005.02.13"]
[Round "7.6"]
[White "Winter, Ulf"]
[Black "Demir, Bilal"]
[Result "0-1"]
[WhiteElo "1896"]
[BlackElo "1983"]
[PlyCount "114"]
[EventDate "2004.10.24"]
[EventType "team-tourn"]
[EventRounds "9"]
[EventCountry "GER"]
[SourceTitle "EXT 2007"]
[Source "ChessBase"]
[SourceDate "2006.11.23"]
[SourceVersion "1"]
[SourceVersionDate "2006.11.23"]
[SourceQuality "1"]
[WhiteTeam "Pasing II"]
[BlackTeam "Unterhaching"]
[WhiteTeamCountry "GER"]
[BlackTeamCountry "GER"]

1. e4 e6 2. d4 d5 3. Nc3 Bb4 4. e5 c5 5. a3 Bxc3+ 6. bxc3 Ne7 7. Nf3 Nbc6 8. Bd3 Qa5 9. Bd2 Bd7 10. c4 Qc7 11. c3 dxc4 12. Bxc4 cxd4 13. Qe2 dxc3 14. Bxc3 Na5 15. Nd2 Rc8 16. Bxa5 Qxa5 17. 0-0 0-0 18. f4 Bc6 19. Bd3 Rcd8 20. Nc4 Qc5+ 21. Kh1 Nc8 22. Rac1 Qe7 23. f5 exf5 24. Rxf5 g6 25. Rf6 Qd7 26. Bc2 Bd5 27. Bb3 Qb5 28. Qe3 Rfe8 29. Rf4 b6 30. Ba2 Be6 31. Rd4 Rxd4 32. Qxd4 Qd5 33. Rd1 Rd8 34. Qxd5 Rxd5 35. Rxd5 Bxd5 36. Bb3 Bxc4 37. Bxc4 Kf8 38. Kg1 Ne7 39. Bb5 Nd5 40. Kf2 Ke7 41. Kf3 Ke6 42. g4 Kxe5 43. h4 h6 44. g5 hxg5 45. hxg5 Nc7 46. Bc4 Ne6 47. Kg4 f5+ 48. gxf6 Kxf6 49. Kf3 Nc5 50. Ke3 Ke5 51. Bf7 g5 52. Be8 Nb7 53. Bc6 Na5 54. Bb5 Kd5 55. Kd3 Kc5 56. Bd7 Nc4 57. a4 Ne5+ 0-1